000 00379nam a2200157Ia 4500
008 230917s9999||||xx |||||||||||||| ||und||
020 _cGBP0.9
040 _e71452
_aMAIN
041 _aEnglish
082 _a942 P363P
100 _aThomson, David
245 0 _aEngland in the 19th century 1815-1914
260 _aMiddlesex
_bPenguin
_c1977
300 _a254 p.
942 _cBK
999 _c197224
_d197224